Statystyki dla Rozsypanka literowa- największe miasta Europy

Kliknij tutaj aby rozwiązać quiz!

Ogólne statystyki

  • Ten quiz został rozwiązany 25 razy
  • Średni wynik to 9 z 10

Statystyki odpowiedzi

RozsypankaMiasto% Poprawnych
IWÓKJKijów
100%
RYPAŻParyż
100%
BIENLRBerlin
96%
DLYNONLondyn
96%
ZRMYRzym
96%
YMARTDMadryt
92%
WMAKSOMoskwa
88%
TUMASŁBStambuł
79%
NTSAK RUREGSTBPESankt Petersburg
75%
KETSUBAZRBukareszt
54%

Rozkład punktacji

Percentyl według liczby udzielonych odpowiedzi

Procent ludzi z każdym wynikiem

Twoja historia wyników

Nie rozwiązałeś tego quizu